| 000 | 00976nam a2200229 a 4500 | ||
|---|---|---|---|
| 001 | 000020817 | ||
| 005 | 20240515114421.0 | ||
| 008 | 100818s2007 xxubd 000 0 spa d | ||
| 020 | _z9788484763222 | ||
| 040 |
_aDO-SdBNP _bspa _cBNPHU |
||
| 082 |
_a303.44 _bP964i, 2007 |
||
| 100 | 1 |
_aPrograma de las Naciones Unidas para el Desarrollo. _943640 |
|
| 245 | 1 | 0 |
_aInforme sobre desarrollo humano 2007-2008 : _bla lucha contra el cambio climático: solidaridad frente a un mundo dividido /. |
| 246 | 2 | 3 |
_aLa lucha contra el cambio climático: _bsolidaridad frente a un mundo dividido |
| 260 |
_aNew York : _bPrograma de las Naciones Unidas para el Desarrollo: _bGrupo Mundi-Prensa, _c2007. |
||
| 300 |
_axvi, 386 p. : _bmapa. ; diag. ; _c28 cm. |
||
| 590 | _aInventariado, 2018/BT | ||
| 650 | 4 |
_aDesarrollo humano _9213 |
|
| 650 | 0 |
_aCambios climáticos _933988 |
|
| 650 | 4 |
_aEfectos de la contaminación sobre el clima _943641 |
|
| 910 | _aValidado. Control de calidad. MMOLINA | ||
| 999 |
_c20321 _d20321 |
||